000 00622nam a2200157Ia 4500
005 20240604045359.0
008 240331s9999 xx 000 0 und d
020 _a9789555801140
082 _bSAR
_a363
100 _aSarvananthan,M
245 0 _aPeople's verdict on tsunami recoverry in Sri Lanka
260 _aColombo
_bICES
_c2007
300 _axxiii,146 p.,
500 _aThis is an empirical research study based on a questionnaire based survey of 3000 tsunami affected households in the East, North, and South of Sri Lanka, incorporating 1000 household in each region, and secondary data and literature.
942 _cL
999 _c4977
_d4977